Handbook of polymer composites for engineers

שמור ב:
מידע ביבליוגרפי
מחבר ראשי: Hollaway, Leonard
פורמט: ספר
שפה:Undetermined
יצא לאור: England Woodhead Pub. limited 1994
נושאים:
תגים: הוספת תג
אין תגיות, היה/י הראשונ/ה לתייג את הרשומה!
Thư viện lưu trữ: Trung tâm Học liệu Trường Đại học Cần Thơ
LEADER 00513nam a2200181Ia 4500
001 CTU_145196
008 210402s9999 xx 000 0 und d
082 |a 620.192 
082 |b H236 
100 |a Hollaway, Leonard 
245 0 |a Handbook of polymer composites for engineers 
245 0 |c Leonard Hollaway 
260 |a England 
260 |b Woodhead Pub. limited 
260 |c 1994 
650 |a Polymer science,Technology polyme 
904 |i Qhieu 
980 |a Trung tâm Học liệu Trường Đại học Cần Thơ